00702 a2200193 450000100060000002000180000604000220002410000160004624000360006224500310009830000070012936200090013665000230014594200070016895201140017595201110028995200910040099900170049166502 a9788587779496 cAnchieta - Pituba aFoley, Ryan10aOs trabalhos de Hérculeslpor10aOs trabalhos de Hércules a880 a2015 4aLiteratura juvenil cBK 00104070a91.1b91.1d2023-11-21l0oLJ 028.5 F663t FOL TRAp21349/PITr2023-11-21 18:34:42w2023-11-21yBK 00104070a91.1b91.1d2023-11-21l0oLJ 028.5 C355c CASp21769/PITr2023-11-21 18:34:42w2023-11-21yBK 00104070a80.1b80.1d2024-02-09l0oC7pA12293r2024-02-09 21:20:13w2024-02-09yBK c66502d66502